000 00336nam a2200133Ia 4500
100 _aGreenfield J.D & wray W.C
942 _cBK
654 _aThe motorola family
245 _aUsing microprocessors & microcomputers : the motorola family
260 _bJohn wiley
_aSingapore
_c1988
300 _a718
546 _aENGLISH
999 _c18561
_d18561